| 000 | 03307nab a2200337 i 4500 | ||
|---|---|---|---|
| 003 | BR-BrBNA | ||
| 005 | 20240905101026.0 | ||
| 008 | 240905b2018 bl.|r|pooa||| 00| 0 por | | ||
| 040 |
_aBR-BrBNA _bpor |
||
| 072 |
_aL70 _b5213 |
||
| 100 | _aZimmermann, M. | ||
| 100 | _aMendes, F.F. | ||
| 100 | _aRodrigues, D.F. | ||
| 100 | _aFaleiro, M.R. | ||
| 100 | _aCampos, G.S. | ||
| 100 | _a Araújo, E.G. | ||
| 245 | _aMembrana de látex natural de Hevea brasiliensis auxilia no processo de reparação tecidual em bovinos | ||
| 500 | _aPublicação online; 24 ref.; 3 illus.; Summaries (En, Pt) | ||
| 520 | _a RESUMO - Feridas cutâneas em bovinos são um constante desafio clínico cirúrgico por desencadearem perdas econômicas bastante significativas. O látex proveniente da seiva da seringueira (Hevea brasiliensis) apresenta potencial terapêutico para incrementar o processo de reparação tecidual. Portanto, pretendeu-se com esse estudo avaliar o tipo de reação tecidual e os possíveis mecanismos de angiogênese desencadeados pelo implante de uma membrana de látex natural em bovinos. Para tal, foram utilizados seis bovinos da raça Nelore, submetidos ao implante subcutâneo experimental de três fragmentos de membranas de látex natural. Foram coletadas amostras de tecido e da membrana aos 15, 30 e 45 dias após a implantação, para avaliações histológicas, ultraestruturais por microscopia eletrônica de varredura e imunoistoquímicas com anticorpos antimarcador de macrófagos (MAC), CYR 61 e VEGF. O implante de látex proporcionou aumento da angiogênese e reparação tecidual em bovinos, não mediada pela expressão do VEGF e CYR 61. Palavras-chave: angiogênese, bioatividade, cicatrização, borracha natural | ||
| 520 | _a ABSTRACT - Cattle wounds are a constant surgical and clinical challenge, leading to important economical losses. The latex from the sap of the rubber tree (Hevea brasiliensis) has therapeutic potential to enhance tissue repair process. Therefore, we evaluated the type of tissue reaction and possible mechanisms of angiogenesis triggered by implanting natural latex rubber in bovine species. Six Nelore bovines were subjected to subcutaneous experimental implant of three fragments of natural rubber latex membranes. Tissue and rubber membrane samples were harvested at 15, 30 and 45 days implantation for histology, scanning electron microscopy and immunohistochemical evaluation with anti macrophage marker (MAC), anti CYR 61, anti VEGF antibodies. The latex membrane estimulates tissue reaction and repair and significant angiogenesis stimuli without activating CYR 61 and VEGF pathways. Keywords: angiogenesis, bioactivity, natural rubber, wound repair | ||
| 650 | _aBOVINO | ||
| 650 | _aLESÃO | ||
| 650 | _aCIRURGIA | ||
| 650 | _aCICATRIZAÇÃO | ||
| 650 | _aANGIOGÊNESE | ||
| 650 | _aVETERINÁRIA | ||
| 773 | 0 |
_01643 _9317735 _dBelo Horizonte-MG Universidade Federal de Minas Gerais - Escola de Veterinaria 1983 _o2024-4450 _tArquivo Brasileiro de Medicina Veterinária e Zootecnia (Brazil) _x0102-0935 _gv. 70(3) p. 741-748; (2018) _wBR2024002455 |
|
| 856 | _uhttps://www.scielo.br/j/abmvz/a/N8pTfJwmcjCfWjsv9wsvS5y/?format=pdf&lang=pt | ||
| 942 | _cAnalítica | ||
| 999 |
_c301123 _d301123 |
||